00673nam a22001697a 4500008004100000020001600041040001500057050002500072100002100097245019700118260006700315300001600382650002700398650003000425650002300455700002500478180621b xxu||||| |||| 00| 0 eng d a091416807-X aKABUcKABU aQM25b.N48 v. 5 c. 1 aNetter, Frank H. aThe CIBA collection of medical illustrationsba compilation of paintings on the normal and pathologic anatomy and physiology, embryology, and diseases of the heartcprepared by Frank H. Netter aNew JerseybThe CIBA collection of medical illustrationsc1978 axvi, 295 p. aHuman anatomyvAtlases aHuman physiologyvAtlases aPathologyvAtlases aYonkman, Fredrick F.